00545 2200193 4500001002100000008004100021035002000062245006400082100002500146250001100171260004500182300002000227020002200247024001400269084002000283082001400303650002500317990000900342INLIS000000000002023 ind  a0010-0425002023 aMahir Akuntansi dengan Cara SederhanacSiti Nurhasanah, S.E aSiti Nurhasanah, S.E a72 hlm aSurakarta :bPT Era Pustaka Utama,c2008 a76 hlm.c25 cm. a978-602-8024-04-4 a657.076.3 a657.076.3 SIT m a657.076.3 aSiti Nurhasanah, S.E a5668